000 nam a22 a 4500
999 _c976
_d976
003 AKMAL
005 20170508101716.0
008 170508s1989 my e 000 0 may d
020 _cRgt. 2.00 (kkt.)
040 _aAKMAL
_cAKMAL
082 0 4 _a297.22 WAL
_221
090 _a297.22
_bWAL
100 1 _aLitfullah, Walid
_92065
245 1 0 _aWanita muslimah dan cara mengatasi budaya Barat /
_cDrs. Walid Litfullah
260 _aKuala Lumpur :
_bPustaka al-Mizan,
_c1989
300 _aviii, 80ms. ;
_c20cm.
521 _aPeringkat pembaca: Dewasa
650 1 0 _aMuslim women
_92060
650 2 0 _aMuslim women
_xConduct of life
_91655
942 _2ddc
_cBOOK